Actas de las Primeras Jornadas sobre Excavaciones Arqueológicas (Record no. 84844)

MARC details
000 -LEADER
campo de control de longitud fija 00754nam a2200193 i 4500
001 - NÚMERO DE CONTROL
campo de control 84844
003 - IDENTIFICADOR DE NÚMERO DE CONTROL
campo de control ES-MaACL
007 - CAMPO FIJO DE DESCRIPCIÓN FÍSICA--INFORMACIÓN GENERAL
campo de control de longitud fija t|
008 - DATOS DE LONGITUD FIJA--INFORMACIÓN GENERAL
campo de control de longitud fija 041124s1984 sp ||||1| spa d
111 2# - ENTRADA PRINCIPAL--NOMBRE DE CONGRESO/REUNIÓN
Nombre de congreso/reunión o jurisdicción como elemento de entrada Jornadas sobre Excavaciones Arqueológicas en Itálica (
Número del congreso/reunión o número de parte o sección 1ª.
Fecha del congreso o de la firma del tratado 1980.
Sede del congreso/Lugar de la reunión Sevilla)
9 (RLIN) 867
245 10 - MENCIÓN DEL TÍTULO
Título Actas de las Primeras Jornadas sobre Excavaciones Arqueológicas
Resto del título : septiembre 1980.
260 ## - PUBLICACIÓN, DISTRIBUCIÓN, ETC.
Lugar de publicación, distribución, etc. [Madrid] :
Nombre del editor, distribuidor, etc. Dirección General de Bellas Artes y Archivos,
Fecha de publicación, distribución, etc. 1982.
300 ## - DESCRIPCIÓN FÍSICA
Extensión 319 p., 6 lám. :
Otras características físicas il. ;
Dimensiones 29 cm.
490 1# - MENCIÓN DE SERIE
Mención de serie Excavaciones arqueológicas en España
500 ## - NOTA GENERAL
Nota general Precede al tít.: Itálica (Santiponce, Sevilla)
830 0# - PUNTO DE ACCESO ADICIONAL DE SERIE-TÍTULO UNIFORME
Título uniforme Excavaciones arqueológicas en España
9 (RLIN) 177264
852 ## - LOCALIZACIÓN
Ubicación ES-MaACL
Número de control de estantería L-4519
Sublocalización o colección R.105393
Holdings
Estatus retirado Estado de pérdida Estado de daño No para préstamo Biblioteca de origen Biblioteca actual Ubicación en estantería Fecha de adquisición Fuente de adquisición Total de préstamos Signatura topográfica completa Código de barras Visto por última vez Precio de reemplazo Tipo de ítem Koha
        Biblioteca del Ateneo de Madrid Biblioteca del Ateneo de Madrid Depósito 2 17/01/2008     L-4519 1088667 23/02/2023 23/02/2023 Libro impreso